El Museo Arqueológico Provincial de Sevilla / (Record no. 62977)

MARC details
000 -LEADER
campo de control de longitud fija 00680nam a2200181 i 4500
001 - NÚMERO DE CONTROL
campo de control 62977
003 - IDENTIFICADOR DE NÚMERO DE CONTROL
campo de control ES-MaACL
005 - FECHA Y HORA DE LA ÚLTIMA TRANSACCIÓN
campo de control 20250729020314.0
007 - CAMPO FIJO DE DESCRIPCIÓN FÍSICA--INFORMACIÓN GENERAL
campo de control de longitud fija t|
008 - DATOS DE LONGITUD FIJA--INFORMACIÓN GENERAL
campo de control de longitud fija 031127s1951 sp ||||1| spa d
100 1# - ENTRADA PRINCIPAL--NOMBRE DE PERSONA
Nombre de persona Fernández-Chicarro de Dios, Concepción.
9 (RLIN) 49575
245 13 - MENCIÓN DEL TÍTULO
Título El Museo Arqueológico Provincial de Sevilla /
Mención de responsabilidad, etc. por Concepción Fernández-Chicarro de Dios.
260 ## - PUBLICACIÓN, DISTRIBUCIÓN, ETC.
Lugar de publicación, distribución, etc. Madrid :
Nombre del editor, distribuidor, etc. Cuerpo Facultativo de Archiveros Bibliotecarios y Arqueólogos,
Fecha de publicación, distribución, etc. 1951 (
Fabricante Góngora)
300 ## - DESCRIPCIÓN FÍSICA
Extensión 103 p., 28 lám. ;
Dimensiones 21 cm.
710 2# - ENTRADA AGREGADA--NOMBRE DE ENTIDAD CORPORATIVA
Nombre de entidad corporativa o nombre de jurisdicción como elemento de entrada Cuerpo Facultativo de Archiveros, Bibliotecarios y Arqueólogos
9 (RLIN) 3354
852 ## - LOCALIZACIÓN
Ubicación ES-MaACL
Número de control de estantería D-9138
Sublocalización o colección R.34455
Holdings
Estatus retirado Estado de pérdida Estado de daño No para préstamo Biblioteca de origen Biblioteca actual Ubicación en estantería Fecha de adquisición Fuente de adquisición Total de préstamos Signatura topográfica completa Código de barras Visto por última vez Precio de reemplazo Tipo de ítem Koha
        Biblioteca del Ateneo de Madrid Biblioteca del Ateneo de Madrid Sala Valle Inclán 17/01/2008     D-9138 901066022 23/02/2023 23/02/2023 Libro impreso